000 01238nam a2200337 c 4500
999 _c161139
_d161139
003 BLK
005 20240730125300.0
008 180410b bul|||||r ||||||| ||bul||
010 _aKNG00168445000
040 _aBLK
041 _aBUL
_cBUL
072 7 _2bullib
_aК
_xКраезнание
080 _aБългарска литература
_b821.163.2
_x-32
_z821.163.2-32
100 _aСлавов, Христо Георгиев
_d1955 -
_gБълг. филолог, писател, журналист, фоторепортер, пътешественик
_9373979
139 _aСлавов, Христо Георгиев
_bС 43
245 1 0 _aВ сянката на лятото
_bНовели
_cХристо Георгиев Славов.
257 _aBGR
260 _bГеорги Бакалов
_c1987
300 _a112 с.
_bс ил.
_c20 см
380 _aX
500 _a5 111 тир.
659 _aК
852 _aЦб 149369
852 _aК 821.163.2/Т 18 С
856 4 _qpdf
856 4 _qpdf
942 _cKNG
_n0
_s1
944 _aCR
_c05.12.2014
_lСевдалина Тодорова
_k30540
944 _aED
_c05.12.2014
_l05.12.2014 - от С1,Р / 05.12.2014
999 _d161139